| 000 | 00634nam a2200217Ia 4500 | ||
|---|---|---|---|
| 005 | 20250508163718.0 | ||
| 008 | 008 250505s9999 xx 000 0 eng d | ||
| 020 | _a0-13-748104-7 | ||
| 037 | _aReference | ||
| 040 |
_aFEDL _beng _cFEDL |
||
| 041 |
_aeng _2eng |
||
| 084 |
_a371.26, GAL _qFEDL |
||
| 100 |
_aGallagher Jo D. _9776071 |
||
| 245 | 0 | _aClassroom assessment for teachers | |
| 260 |
_aNew Jersey, USA _bPrentice- Hall _c1998 |
||
| 300 | _axix,503p | ||
| 365 |
_aUSD _b38 |
||
| 650 |
_aEducational test and measurements; Examinations _9776072 |
||
| 942 |
_cREF _h371.26, GAL |
||
| 999 |
_c1384851 _d1384851 |
||